|
|
|
|
| LEADER |
01405nam a2200301 u 4500 |
| 001 |
10027095 |
| 003 |
upatras |
| 005 |
20210117205959.0 |
| 008 |
960212s1972 ge ger |
| 020 |
|
|
|a 3540058958
|q (Χαρτόδ. μαλακό)
|
| 040 |
|
|
|a GR-PaULI
|c GR-PaULI
|
| 041 |
0 |
|
|a ger
|a eng
|
| 050 |
|
4 |
|a 72-85380
|
| 245 |
1 |
0 |
|a Numerische losung nichtlinearer partieller differential- und integrodifferentialgleichungen
|b Vortrage einer Tagung im Mathematischen Forschungsinstitut Oberwolfach, 28. 11. - 4. 12. 1971
|c Herausgegeben von R. Ansorge und W. Tornig
|
| 260 |
|
|
|a Berlin
|b Springer Verlag
|c 1972
|
| 300 |
|
|
|a vi, 339 p.
|b fig.
|c 25 cm
|
| 490 |
0 |
|
|a Lecture notes in mathematics
|v 267
|
| 505 |
1 |
|
|a Includes references
|
| 650 |
|
4 |
|9 130
|a Εξισώσεις, Διαφορικές
|
| 700 |
1 |
|
|a Ansorge, Rainer
|9 152906
|
| 700 |
1 |
|
|a Tornig, W.
|9 152907
|
| 760 |
1 |
|
|a Lecture notes in mathematics
|g 267
|
| 852 |
|
|
|a GR-PaULI
|b ΠΑΤΡΑ
|b ΦΥΣΙΚΟ
|k ΑΕΧ-1
|h 51.7 ANS
|m 01378
|t 1
|
| 852 |
|
|
|a GR-PaULI
|b ΠΑΤΡΑ
|b ΦΥΣΙΚΟ
|k ΑΕΧ-1
|h 51.7 ANS
|m 01379
|t 2
|
| 942 |
|
|
|2 ddc
|c BK15
|
| 952 |
|
|
|0 0
|1 0
|4 0
|6 51_700000000000000_ANS
|7 0
|9 197495
|a PHYS
|b PHYS
|d 2016-04-24
|i 01378
|l 0
|o 51.7 ANS
|r 2016-04-24 00:00:00
|t 1
|w 2016-04-24
|y BK15
|
| 952 |
|
|
|0 0
|1 0
|4 0
|6 51_700000000000000_ANS
|7 0
|9 197496
|a PHYS
|b PHYS
|d 2016-04-24
|i 01379
|l 0
|o 51.7 ANS
|r 2016-04-24 00:00:00
|t 2
|w 2016-04-24
|y BK15
|
| 999 |
|
|
|c 121286
|d 121286
|